000 00890nam a2200265Ia 4500
003 OSt
005 20220930072652.0
006 a|||||r|||| 00| 0
007 ta
008 220926b |||||||| |||| 00| 0 eng d
024 _a24741
037 _cTheses
040 _aCRL
_cCRL
_beng
041 _2eng
_aeng
100 _aGeorge Robbie Kurian
_9530242
110 _aUniversity of Delhi. Faculty of Medical Sciences. Department of Surgery
245 0 _aMultimodal investigative assessment of the liver with emphasis on its clinico-pathological profile in cholecystitis
260 _c1998
300 _a57p.
_ap.
_ccm.
650 _aSURGERY
700 _a Dr Vivek Agrawal Supervisor
_9530243
700 _aUniversity of Delhi. Faculty of Medical Sciences. Department of Surgery
942 _cDIS
_2CC
999 _c864176
_d864176